| 000 | 00556nam a2200205 a 4500 | ||
|---|---|---|---|
| 005 | 20210219153217.0 | ||
| 008 | 991125n 000 0 spa u | ||
| 035 | _aUPN01000084405 | ||
| 100 | _aRAMOS ROBLES, Eduardo | ||
| 222 | _aEDUCACION 2001 | ||
| 245 | _aLa educacion basada en normas de competencia laboral | ||
| 300 | _a58-59 | ||
| 362 | _a1997 No.30 | ||
| 650 | 4 | _aFORMACION PARA EL TRABAJO | |
| 650 | 4 | _aEGRESADOS | |
| 650 | 4 | _aCAPACITACION PARA EL TRABAJO | |
| 650 | 4 | _aCOMPETENCIA LABORAL | |
| 904 |
_aAC _b022216 |
||
| 905 | _aArticulo | ||
| 999 |
_c71200 _d71200 |
||